| 000 | 005200000a22001930004500 | ||
|---|---|---|---|
| 999 |
_c48939 _d48939 |
||
| 001 | 1782 | ||
| 003 | CO-MdFUSB | ||
| 005 | 20180213184255.0 | ||
| 008 | 180213b xxu||||| |||| 00| 0 eng d | ||
| 020 | _a84-8055-355-3 | ||
| 040 | _cCO-MdBIC | ||
| 082 | 0 | 4 | _a503 C899d |
| 100 | 1 | _aEspinosa de los Monteros, Julián | |
| 245 | 1 | 0 | _aDiccionario de matemáticas / Coordinador general : Julián Espinosa de los Monteros |
| 260 | _aMadrid : Cultural, S.A. | ||
| 300 | _a347 P. | ||
| 650 | 1 | 4 | _aMatemáticas |
| 942 | _cLGB | ||